Państwa z największą gęstością zaludnienia - nagła śmierć - Statystyki

Ogólne statystyki
  • Ten quiz został rozwiązany 1 985 razy
  • Średni wynik to 9 z 20
Answers on the Grid
Answers color-coded by a green-red scale on the quiz's grid according to % correct below.
Andora
Bahamy
Bahrajn
Bangladesz
Barbados
Burundi
Dżibuti
Etiopia
Holandia
Indie
Indonezja
Izrael
Korea Południowa
Korea Północna
Komory
Liban
Łotwa
Malediwy
Malta
Mauritius
Monako
Nauru
Nepal
Niemcy
Rwanda
San Marino
Singapur
Surinam
Szwajcaria
Tajwan
Togo
Watykan
 
Statystyki odpowiedzi
Odpowiedź % Poprawnych
#7 Bangladesz
75%
#2 Singapur
68%
#1 Monako
64%
#16 Korea Południowa
60%
#18 Indie
59%
#3 Watykan
59%
#9 Tajwan
57%
#14 San Marino
51%
#4 Bahrajn
49%
#20 Holandia
48%
#6 Malta
47%
#19 Izrael
43%
#5 Malediwy
33%
#15 Burundi
27%
#11 Nauru
27%
#13 Rwanda
27%
#8 Barbados
25%
#10 Mauritius
24%
#12 Liban
23%
#17 Komory
22%
Nie znaleziono quizów pasujących do podanych kryteriów
Rozkład punktacji
Procent ludzi z każdym wynikiem
Percentyl według liczby udzielonych odpowiedzi
Twoja historia wyników
Nie rozwiązałeś tego quizu